000 01069nam a22003137a 4500
001 BR7314080
003 BR-BrBNA
005 20230928084253.0
007 ta
008 230509b bl.||||| |||| 00| 0 por d
040 _aBR-BrBNA
_bpor
_cBiblioteca Nacional de Agricultura
041 _a(Por)
072 _aF00; E15
_b0120
090 _ 0120 BR7314080
100 1 _aPacheco, J.A. de C.
110 1 _aGrupo Executivo de Coordenacao do Credito Rural, Sao Paulo, SP (Brasil)
_95469
245 1 _aCultura do milho, aspectos agronomicos e economicos [Pratica cultural; Armazenamento; Custo de producao; Financiamento; Credito]
260 3 _aSao Paulo, SP (Brasil):
_c[nd].
300 _a34 p.
500 _a9 tables; 26 ref.; Summary (Por)Published after 1961. (*) Documento disponível na(o) Instituto de Economia Agricola, Sao Paulo, SP (Brazil)
650 _aMILHO
650 _aPRATICA CULTURAL
650 _aARMAZENAMENTO
650 _aCUSTO
650 _aFINANCIAMENTO
650 _aCREDITO
909 _a202309
_bLucia
_c55
_dLucia Elande
942 _cBK
999 _c17824
_d17824